000 00684nam a2200169 a 4500
001 000034529
005 20200930073741.0
008 111005s1912 dr 000 0 spa d
040 _aDO-SdBNP
_bspa
_cBNPHU
082 _axxxx
_bA174
100 1 _aAcevedo, Agustín
_959965
245 1 0 _a¿Que principios pueden derivarse de los articulos 6, ap, 16, 43 y 63 ap, 5 de nuestra constitución, relativos a la incontitucionalidad de las leyes?
260 _aSanto Domingo :
_bImp. Escobar i Cía,
_c1912.
300 _a34 p. ;
_c23 cm.
502 _aTesis para obtar por el grado de licenciatura en derecho en el Instituto Profesional de Santo Domingo, Facultad de Derecho
049 _aBNPD
999 _c34020
_d34020